| 000 | 00934nam a22002417a 4500 | ||
|---|---|---|---|
| 005 | 20110908145123.0 | ||
| 008 | 110908t xxu||||| |||| 00| 0 eng d | ||
| 010 | _aENG-103773 | ||
| 020 |
_a9788184001488 _c299.00 |
||
| 035 | _aEN-87306 | ||
| 037 | _bDBAD | ||
| 040 |
_aDPL _bEng |
||
| 082 | 0 | 0 | _a658.4012 |
| 100 | 1 |
_aGhosh, Atanu _934669 |
|
| 245 | 1 | 4 |
_aStrategies for growth : _bhelp your business move up the ladder / _cby Atanu Ghosh |
| 260 |
_aNoida _bRandom House Publishers _c2010 |
||
| 270 |
_aMindMill CorporateTower, 24A., 2nd floor, Sector 16A, _bNoida _e201301 |
||
| 300 |
_axv,193p. _c20cm (pbk) |
||
| 490 |
_aIndian Institute of Management Ahmedabad business books _934804 |
||
| 650 | _934671 | ||
| 942 |
_2ddc _cEN _h658.4012 _mGHO |
||
| 999 |
_c56541 _d56541 |
||